Диалог искусств и арт-парадигм. Т. 68 (Запись № 13691295)

Подробности
000 -МАРКЕР
контрольное поле 02837nam2a2200373 4500
001 - ИДЕНТИФИКАТОР ЗАПИСИ
контрольное поле RU\NLR\BIBL_A\022383221
005 - ИДЕНТИФИКАТОР ВЕРСИИ
контрольное поле 20260426065953.0
010 ## - МЕЖДУНАРОДНЫЙ СТАНДАРТНЫЙ НОМЕР КНИГИ (ISBN)
Номер (ISBN) 978-5-94841-657-1
Уточнения т. 68
Тираж 50
021 ## - НОМЕР ГОСУДАРСТВЕННОЙ РЕГИСТРАЦИИ
Код страны Российская Федерация
Номер КН-П-24-061122
Номер Листа государственной регистраци КН-П-24-6072
035 ## - ДРУГИЕ СИСТЕМНЫЕ НОМЕРА
Идентификатор записи (NLR Aleph) 022383221
100 ## - ДАННЫЕ ОБЩЕЙ ОБРАБОТКИ
Данные общей обработки 20241115d2024 u y0rusy50 ca
101 0# - ЯЗЫК РЕСУРСА
Язык текста, звукозаписи и т.д. русский
-- английский
102 ## - СТРАНА ПУБЛИКАЦИИ ИЛИ ПРОИЗВОДСТВА
Страна публикации Российская Федерация
105 ## - ПОЛЕ КОДИРОВАННЫХ ДАННЫХ: ТЕКСТОВЫЕ МАТЕРИАЛЫ, МОНОГРАФИЧЕСКИЕ
Кодированные данные о монографическом текстовом документе acghz 010zd
200 0# - ЗАГЛАВИЕ И СВЕДЕНИЯ ОБ ОТВЕТСТВЕННОСТИ
Основное заглавие Т. 68
Сведения, относящиеся к заглавию по материалам XVI Международного форума "Диалог искусств и арт-парадигм" "Scienceforum pan-art XVI", 24 апреля 2024 года
-- Михаил Иванович Глинка и его время
-- к 220-летию со дня рождения
210 ## - ПУБЛИКАЦИЯ, РАСПРОСТРАНЕНИЕ И ДР.
Дата издания, распространения и т.д. 2024
215 ## - ФИЗИЧЕСКАЯ ХАРАКТЕРИСТИКА
Специфическое обозначение материала и объем 262 с.
Другие сведения о физической характеристике ил., портр., нот., факс.
300 ## - ОБЩИЕ ПРИМЕЧАНИЯ
Текст примечания Часть текста англ.
320 ## - ПРИМЕЧАНИЯ О НАЛИЧИИ В ДОКУМЕНТЕ БИБЛИОГРАФИИ / УКАЗАТЕЛЯ
Текст примечания Библиогр. в конце ст. и в подстроч. примеч.
461 #0 - УРОВЕНЬ НАБОРА
Встроенное поле 001RU\NLR\BIBL_A\011769616
-- 2001#$aДиалог искусств и арт-парадигм$eстатьи, очерки, материалы$fСаратовская государственная консерватория им. Л. В. Собинова, Центр комплексных художественных исследований$g[редактор-составитель: А. И. Демченко]$vТ. 68
Системный номер (АБИС) связанной записи 11720633
Место публикации Саратов
Дата публикации 2018-
Первые сведения об ответственности Саратовская государственная консерватория им. Л. В. Собинова, Центр комплексных художественных исследований
Имя издателя, распространителя и т.д. Саратовская государственная консерватория имени Л. В. Собинова
Сведения, относящиеся к заглавию статьи, очерки, материалы
Заглавие Диалог искусств и арт-парадигм
ISBN 9785948413143
Номер тома Т. 68
600 #1 - ИМЯ ЛИЦА КАК ПРЕДМЕТ
Начальный элемент ввода Глинка
Часть имени, кроме начального элемента ввода М.И.
Даты 1804 - 1857
Расширение инициалов личного имени Михаил Иванович
Формальный подзаголовок Съезды, совещания и т.п
Системный номер авторитетной/нормативной записи 1473883
Идентификатор авторитетной/нормативной записи RU\NLR\AUTH\66317438
606 1# - НАИМЕНОВАНИЕ ТЕМЫ КАК ПРЕДМЕТ
Наименование темы Искусство
Формальный подзаголовок Съезды, совещания и т.п
Хронологический подзаголовок 19 в.
Системный номер авторитетной/нормативной записи 2165193
Идентификатор авторитетной/нормативной записи RU\NLR\AUTH\6601539674
606 1# - НАИМЕНОВАНИЕ ТЕМЫ КАК ПРЕДМЕТ
Наименование темы Русская литература
Формальный подзаголовок Съезды, совещания и т.п
Хронологический подзаголовок 19 в.
Системный номер авторитетной/нормативной записи 916588
Идентификатор авторитетной/нормативной записи RU\NLR\AUTH\6616122
686 1# - ИНДЕКСЫ ДРУГИХ КЛАССИФИКАЦИЙ
Индекс Щ313(2Р=Рус)51-81Глинка я431
686 1# - ИНДЕКСЫ ДРУГИХ КЛАССИФИКАЦИЙ
Индекс Щ03(0)5я431
686 1# - ИНДЕКСЫ ДРУГИХ КЛАССИФИКАЦИЙ
Индекс Ш5(2=Р)5я431
702 #1 - ИМЯ ЛИЦА - ВТОРИЧНАЯ ОТВЕТСТВЕННОСТЬ
Код отношения Объект посвящения
Графика поля Кириллица
Материалы, к которым относится поле rus
Начальный элемент ввода Глинка
Часть имени, кроме начального элемента ввода М.И.
Даты 1804-1857
Расширение инициалов личного имени Михаил Иванович
Системный номер авторитетной/нормативной записи 123561
Идентификатор авторитетной/нормативной записи RU\NLR\AUTH\7713879
711 12 - НАИМЕНОВАНИЕ ОРГАНИЗАЦИИ - АЛЬТЕРНАТИВНАЯ ОТВЕТСТВЕННОСТЬ
Начальный элемент ввода "Диалог искусств и арт-парадигм", международный научный форум
Порядковый номер временной организации и / или порядковый номер ее части 16
Дата проведения временной организации 2024
Место проведения временной организации Саратов
Идентификатор авторитетной/нормативной записи RU\NLR\AUTH\880618872
942 ## - ДОПОЛНИТЕЛЬНЫЕ ЭЛЕМЕНТЫ ЗАПИСИ (АБИС)
Тип экземпляра АБИС Книга
980 ## - КОЛЛЕКЦИЯ
Название коллекции Национальная библиография

Нет доступных экземпляров.